| 000 -LEADER |
| fixed length control field |
00899nam a2200265 a 4500 |
| 001 - CONTROL NUMBER |
| control field |
019250553 |
| 003 - CONTROL NUMBER IDENTIFIER |
| control field |
UkOxU |
| 005 - DATE AND TIME OF LATEST TRANSACTION |
| control field |
20230410145447.0 |
| 008 - FIXED-LENGTH DATA ELEMENTS--GENERAL INFORMATION |
| fixed length control field |
080225r20081976enka j 000 1 eng d |
| 015 ## - NATIONAL BIBLIOGRAPHY NUMBER |
| National bibliography number |
GBA825530 |
| Source |
bnb |
| 020 ## - INTERNATIONAL STANDARD BOOK NUMBER |
| International Standard Book Number |
9781405235761 (pbk.) : |
| 035 ## - SYSTEM CONTROL NUMBER |
| System control number |
(Uk)014537357 |
| 040 ## - CATALOGING SOURCE |
| Original cataloging agency |
StDuBDS |
| Language of cataloging |
eng |
| Transcribing agency |
StDuBDS |
| Modifying agency |
UkOxU |
| -- |
KH8 |
| 082 04 - DEWEY DECIMAL CLASSIFICATION NUMBER |
| Classification number |
823.914 HAR |
| Edition number |
22 |
| 100 1# - MAIN ENTRY--PERSONAL NAME |
| Personal name |
Hargreaves, Roger, |
| Dates associated with a name |
1935-1988. |
| Relator term |
author |
| 245 10 - TITLE STATEMENT |
| Title |
Mr. Forgetful / |
| Statement of responsibility, etc. |
by Roger Hargreaves. |
| 260 ## - PUBLICATION, DISTRIBUTION, ETC. |
| Place of publication, distribution, etc. |
London : |
| Name of publisher, distributor, etc. |
Egmont, |
| Date of publication, distribution, etc. |
[2008] |
| 300 ## - PHYSICAL DESCRIPTION |
| Extent |
[36] p. : |
| Other physical details |
chiefly col. ill. ; |
| Dimensions |
13 x 14 cm. |
| 490 1# - SERIES STATEMENT |
| Series statement |
My Mr. Men library ; |
| Volume/sequential designation |
14 |
| 500 ## - GENERAL NOTE |
| General note |
Originally published: London: Thurman, 1976. |
| 650 #0 - SUBJECT ADDED ENTRY--TOPICAL TERM |
| Topical term or geographic name entry element |
Mr. Men (Fictitious characters) |
| Form subdivision |
Pictorial works |
| -- |
Juvenile fiction. |
| 655 #7 - INDEX TERM--GENRE/FORM |
| Genre/form data or focus term |
Children's stories |
| Form subdivision |
Pictorial works. |
| Source of term |
gsafd |
| 830 #0 - SERIES ADDED ENTRY--UNIFORM TITLE |
| Uniform title |
My Mr. Men library (Egmont (Firm)) ; |
| Volume/sequential designation |
14. |
| 942 ## - ADDED ENTRY ELEMENTS (KOHA) |
| Source of classification or shelving scheme |
|
| Koha item type |
Books |